000 01406nam a22002657a 4500
001 283
003 FISKH
005 20230316120941.0
008 230316b cb ||||| |||| 00| 0 eng d
020 _a9781250115102
040 _aFISKH
_beng
_cFISKH
_dFISKH
050 _aPZ7
082 _a813.6
100 _aGamble, Paul
245 _aThe ministry of suits
_bIf it' strange, unusual, or impossible, the ministry is on the case
_cPaul Gamble
260 _aNew York
_bMacmillan
_c2017
300 _a377 p.
_c20 cm.
505 _aM
520 _a"A thrilling and hilarious middle grade story,The Ministry of SUITs by Paul Gamble gives its readers a silly, but oddly thoughtful adventure they surely won't forget. But the wackiness doesn't end here at all--it all continues in the sequel,The Monster's Daughter. "A zany explosion of hilarity." -- Eoin Colfer, author of the Artemis Fowl series "It's like Douglas Adams wroteMen in Black but with Pirates, Dinosaurs and the Tooth Fairy. Genius, but a comic evil genius methinks." --Mo O'Hara, author of the My Big Fat Zombie Goldfish series "Gamble's debut novel is overflowing with offbeat humor...An entertaining read for fans of humorous adventure, such as Michael Buckley's "NERDS" series." --School Library Journal
521 8 _a800
_bLexile
521 8 _aM
_bRaz-Plus
650 _aadventure
650 _achildren's adventure
942 _2lcc
_cBK
_n0
999 _c283
_d283